| 000 | 00603nam a2200193 a 4500 | ||
|---|---|---|---|
| 008 | 990706s1957 m yxo ac rb 0 slo c | ||
| 020 | _c70 | ||
| 040 |
_aSNK _bslo _cSNK _eAACR2 |
||
| 041 | 1 | _aslo | |
| 044 |
_axo _cSK |
||
| 080 | _a929 Kupecký, J.(084.12) | ||
| 080 | _a75(437.6)(091) Kupecký, J.(084.12) | ||
| 100 | 1 |
_aDvořák, František _4aut |
|
| 245 | 1 | 0 |
_aJán Kupecký _cFrantišek Dvořák |
| 260 |
_aBratislavA _bSlovenské vydavateľstvo krásnej literatúry _c1957 |
||
| 300 |
_a10 s., 33 fareb. reprod. _c35 cm |
||
| 600 | 1 |
_aKupecký, Ján _d1667-1740 _xživot a dielo _2SNK |
|
| 958 | _aA | ||
| 999 |
_c15035 _d15035 |
||